Vintage telephones of the world (Record no. 61316)

MARC details
000 -LEADER
fixed length control field 00794nam a2200217 a 4500
008 - FIXED-LENGTH DATA ELEMENTS--GENERAL INFORMATION
fixed length control field 060424s1988 ||||||||||||||||| || u
020 ## - INTERNATIONAL STANDARD BOOK NUMBER
International Standard Book Number 0863411401
050 ## - LIBRARY OF CONGRESS CALL NUMBER
Classification number TK 6015 Pov
100 ## - MAIN ENTRY--PERSONAL NAME
Personal name Povey, P.J
245 10 - TITLE STATEMENT
Title Vintage telephones of the world
260 ## - PUBLICATION, DISTRIBUTION, ETC.
Place of publication, distribution, etc. London :
Name of publisher, distributor, etc. P. Peregrinus Ltd. in association with the Science Museum
Date of publication, distribution, etc. 1988
300 ## - PHYSICAL DESCRIPTION
Extent ix, 202 p. : ill. ; 24 cm.
350 ## - PRICE (NR) (BK AM CF MU VM SE) [OBSOLETE]
Price 0.00
490 ## - SERIES STATEMENT
Series statement IEE history of technology series
490 ## - SERIES STATEMENT
Volume/sequential designation 8.
500 ## - GENERAL NOTE
General note Includes index. -Bibliography
650 ## - SUBJECT ADDED ENTRY--TOPICAL TERM
Topical term or geographic name entry element TELEPHONE - HISTORY
700 ## - ADDED ENTRY--PERSONAL NAME
Personal name Earl, R. A. J. (Reg A. J.)
710 ## - ADDED ENTRY--CORPORATE NAME
Corporate name or jurisdiction name as entry element Science Museum (Great Britain)
995 ## - RECOMMENDATION 995 [LOCAL, UNIMARC FRANCE]
-- 0.00
-- CBU-MAIN LIBRARY (Kitwe)
-- 1
-- 25.00
-- AVAILABLE
-- Main Library Open Access Collection
Holdings
Withdrawn status Lost status Source of classification or shelving scheme Damaged status Not for loan Home library Current library Shelving location Date acquired Total Checkouts Full call number Barcode Date last seen Price effective from Koha item type
          CBU-MAIN LIBRARY, KITWE. CBU-MAIN LIBRARY, KITWE.   11/30/2022   TK 6015 Pov 017718 11/30/2022 11/30/2022 MONOGRAPH